|
|
|
|
| LEADER |
01226nam a2200289 u 4500 |
| 001 |
10030056 |
| 003 |
upatras |
| 005 |
20210117210022.0 |
| 008 |
990910s1997 uk eng |
| 020 |
|
|
|a 0471956961
|
| 040 |
|
|
|a GR-PaULI
|c GR-PaULI
|
| 041 |
0 |
|
|a eng
|
| 082 |
0 |
4 |
|a 620.100 285
|
| 245 |
1 |
0 |
|a Parallel solution methods in computational mechanics
|c edited by M. Papadrakakis
|
| 260 |
|
|
|a Chichester
|b John Wiley & Sons
|c 1997
|
| 300 |
|
|
|a xiv, 502 p.
|b fig.
|c 25 cm.
|
| 490 |
1 |
|
|a Wiley series in solving large-scale problems in mechanics
|
| 504 |
|
|
|a Includes bibliographical references and index
|
| 650 |
|
4 |
|a Μηχανική
|x Μηχανολογία
|9 120221
|
| 650 |
|
4 |
|a Μηχανική ηλεκτρονικών υπολογιστών
|9 297
|
| 700 |
1 |
|
|a Papadrakakis, Manolis
|4 edt
|9 153599
|
| 760 |
1 |
|
|a Wiley series in solving large-scale problems in mechanics
|
| 852 |
|
|
|a GR-PaULI
|b ΠΑΤΡΑ
|b ΒΚΠ
|b ΒΣ1
|k ΑΣΧΞ
|h 620.100 285 P
|m 050580
|p 025000067431
|t 1
|
| 942 |
|
|
|2 ddc
|c BK15
|
| 952 |
|
|
|0 0
|1 0
|4 0
|6 620_100000000000000_285_P
|7 0
|9 198617
|a LISP
|b LISP
|c BSC
|d 2016-04-24
|i 050580
|l 0
|o 620.100 285 P
|p 025000067431
|r 2016-04-24 00:00:00
|t 1
|w 2016-04-24
|y BK15
|
| 998 |
|
|
|c ΣΥΨΑ
|d 1999-09
|
| 999 |
|
|
|c 121954
|d 121954
|